| 000 | 00763nam a2200229 a 4500 | ||
|---|---|---|---|
| 001 | BRCA_573 | ||
| 005 | 20190320203053.0 | ||
| 008 | 171005s1990----sp-a---###---#000-0#spa-d | ||
| 020 | _a8476300565 | ||
| 050 | 4 |
_aNK1530 _b.R33 1990 |
|
| 100 | 1 |
_aRacinet, Albert _91976 |
|
| 245 | 1 | 0 |
_aDiccionario de la ornamentación _cAlbert Racinet ; traducción Susana Madroñedo y María López-Contreras. |
| 260 |
_aMadrid _bLibsa _c1990 |
||
| 300 |
_a284 p. _bil. _c34 cm. |
||
| 440 | 0 |
_aBiblioteca básica de artes decorativas _91923 |
|
| 500 | _aIncluye índice temático y de láminas | ||
| 650 | 1 | 4 |
_aDecoración y ornamentación _vDiccionarios _91977 |
| 700 | 1 |
_aMadroñedo, Susana _91978 |
|
| 700 | 1 |
_aLópez-Contreras, María _91979 |
|
| 902 | _aREF | ||
| 942 |
_2lcc _cB |
||
| 999 |
_c503 _d503 |
||